América Latina: Repunte de la violencia urbana /
Tallennettuna:
| Päätekijä: | |
|---|---|
| Aineistotyyppi: | Teksti |
| Tagit: |
Lisää tagi
Ei tageja, Lisää ensimmäinen tagi!
|
MARC
| LEADER | 00000 a a2200000 04500 | ||
|---|---|---|---|
| 001 | 17749 | ||
| 003 | |||
| 040 | |||
| 100 | |a Tamayo, Eduardo | ||
| 245 | |a América Latina: |b Repunte de la violencia urbana / |c Eduardo Tamayo | ||
| 773 | |g volumen 19, número 224; páginas 15-16 | ||
| 999 | |c 37909 |d 37909 | ||
